Symbole wszystkich pierwiastków chemicznych - Statystyki

Ogólne statystyki
  • Ten quiz został rozwiązany 52 razy
  • Średni wynik to 61 z 118
Statystyki odpowiedzi
Liczba atomowa Pierwiastek Symbol % Poprawnych
1 Wodór H
100%
7 Azot N
97%
2 Hel He
97%
3 Lit Li
97%
16 Siarka S
97%
8 Tlen O
97%
9 Fluor F
93%
12 Magnez Mg
93%
4 Beryl Be
90%
17 Chlor Cl
90%
15 Fosfor P
90%
29 Miedź Cu
90%
19 Potas K
90%
11 Sód Na
90%
6 Węgiel C
90%
26 Żelazo Fe
90%
18 Argon Ar
86%
30 Cynk Zn
86%
14 Krzem Si
86%
10 Neon Ne
86%
47 Srebro Ag
86%
13 Glin Al
83%
54 Ksenon Xe
83%
28 Nikiel Ni
83%
81 Tal Tl
83%
5 Bor B
79%
20 Wapń Ca
79%
79 Złoto Au
79%
35 Brom Br
76%
31 Gal Ga
72%
80 Rtęć Hg
72%
22 Tytan Ti
72%
23 Wanad V
72%
56 Bar Ba
69%
24 Chrom Cr
69%
27 Kobalt Co
69%
36 Krypton Kr
69%
25 Mangan Mn
69%
82 Ołów Pb
69%
50 Cyna Sn
66%
32 German Ge
66%
53 Jod I
66%
34 Selen Se
66%
33 Arsen As
59%
55 Cez Cs
59%
63 Europ Eu
59%
39 Itr Y
59%
88 Rad Ra
59%
21 Skand Sc
59%
92 Uran U
59%
48 Kadm Cd
55%
46 Pallad Pd
55%
84 Polon Po
55%
37 Rubid Rb
55%
49 Ind In
52%
57 Lantan La
52%
41 Niob Nb
52%
76 Osm Os
52%
78 Platyna Pt
52%
38 Stront Sr
52%
95 Ameryk Am
45%
42 Molibden Mo
45%
94 Pluton Pu
45%
74 Wolfram W
45%
83 Bizmut Bi
41%
58 Cer Ce
41%
99 Einstein Es
41%
87 Frans Fr
41%
77 Iryd Ir
41%
93 Neptun Np
41%
40 Cyrkon Zr
38%
75 Ren Re
38%
52 Tellur Te
38%
51 Antymon Sb
34%
72 Hafn Hf
34%
112 Kopernik Cn
34%
71 Lutet Lu
34%
45 Rod Rh
34%
44 Ruten Ru
34%
43 Technet Tc
34%
64 Gadolin Gd
31%
70 Iterb Yb
31%
60 Neodym Nd
31%
85 Astat At
28%
102 Nobel No
28%
59 Prazeodym Pr
28%
111 Roentgen Rg
28%
89 Aktyn Ac
24%
107 Bohr Bh
24%
66 Dysproz Dy
24%
100 Ferm Fm
24%
67 Holm Ho
24%
61 Promet Pm
24%
104 Rutherford Rf
24%
65 Terb Tb
24%
90 Tor Th
24%
97 Berkel Bk
21%
68 Erb Er
21%
108 Has Hs
21%
98 Kaliforn Cf
21%
96 Kiur Cm
21%
103 Lorens Lr
21%
118 Oganeson Og
21%
86 Radon Rn
21%
106 Seaborg Sg
21%
73 Tantal Ta
21%
105 Dubn Db
17%
116 Liwermor Lv
17%
101 Mendelew Md
17%
62 Samar Sm
17%
117 Tenes Ts
17%
110 Darmsztadt Ds
14%
114 Flerow Fl
14%
109 Meitner Mt
14%
115 Moskow Mc
14%
113 Nihon Nh
14%
91 Protaktyn Pa
14%
69 Tul Tm
10%
Nie znaleziono quizów pasujących do podanych kryteriów
Rozkład punktacji
Procent ludzi z każdym wynikiem
Percentyl według liczby udzielonych odpowiedzi
Twoja historia wyników
Nie rozwiązałeś tego quizu